UBT Library

Aperitivo A Firenze (Record no. 60807)

000 -LEADER
fixed length control field 00303nam a22001337a 4500
008 - FIXED-LENGTH DATA ELEMENTS--GENERAL INFORMATION
fixed length control field 260218b ||||| |||| 00| 0 eng d
020 ## - INTERNATIONAL STANDARD BOOK NUMBER
International Standard Book Number 9788800806558
041 ## - LANGUAGE CODE
Language code of text/sound track or separate title ital
080 ## - UNIVERSAL DECIMAL CLASSIFICATION NUMBER
Field link and sequence number 2.1
Universal Decimal Classification number 2.1
100 ## - Rafti
Rafti 20.1
101 ## - Shkurtesa
Shkurtesa Ital
245 ## - TITLE STATEMENT
Title Aperitivo A Firenze
Statement of responsibility, etc Sandro Cappelli
942 ## - ADDED ENTRY ELEMENTS (KOHA)
Source of classification or shelving scheme
Item type Books
Holdings
Withdrawn status Lost status Source of classification or shelving scheme Damaged status Not for loan Collection code Permanent location Current location Date acquired Source of acquisition Total Checkouts Barcode Date last seen Price effective from Koha item type
          Koleksioni i përgjithshem UBT - Lipjan UBT - Lipjan 02/18/2026 2025-07-09   002-800070999421 02/18/2026 02/18/2026 Books
UBT Library © 2015-2024. All rights reserved University Education for Business and Technology